| 000 | 01728nam a2200409 a 4500 | ||
|---|---|---|---|
| 001 | ebr10642664 | ||
| 003 | CaPaEBR | ||
| 006 | m u | ||
| 007 | cr cn||||||||| | ||
| 008 | 100603s2011 pauaf sb 001 0 eng d | ||
| 010 | _z 2010023073 | ||
| 020 | _z9780812243055 (hardcover : alk. paper) | ||
| 020 | _z9780812204964 (e-book) | ||
| 040 |
_aCaPaEBR _cCaPaEBR |
||
| 035 | _a(OCoLC)833582501 | ||
| 043 | _al------ | ||
| 050 | 1 | 4 |
_aGN406 _b.C65 2011eb |
| 082 | 0 | 4 |
_a930.1 _222 |
| 245 | 0 | 0 |
_aCollecting across cultures _h[electronic resource] : _bmaterial exchanges in the early Atlantic world / _cedited by Daniela Bleichmar and Peter C. Mancall. |
| 260 |
_aPhiladelphia : _bUniversity of Pennsylvania Press, _cc2011. |
||
| 300 |
_axvi, 361 p., [8] p. of plates : _bill. |
||
| 490 | 1 | _aThe early modern Americas | |
| 504 | _aIncludes bibliographical references and index. | ||
| 533 |
_aElectronic reproduction. _bPalo Alto, Calif. : _cebrary, _d2013. _nAvailable via World Wide Web. _nAccess may be limited to ebrary affiliated libraries. |
||
| 650 | 0 |
_aMaterial culture _xCollectors and collecting. |
|
| 650 | 0 |
_aAntiquities _xCollectors and collecting. |
|
| 650 | 0 | _aPreservation of materials. | |
| 650 | 0 |
_aFirst contact of aboriginal peoples with Westerners _xHistory. |
|
| 650 | 0 |
_aExchange _zAtlantic Ocean Region _xHistory. |
|
| 651 | 0 |
_aAtlantic Ocean Region _xCommerce _xHistory. |
|
| 655 | 7 |
_aElectronic books. _2local |
|
| 700 | 1 |
_aBleichmar, Daniela, _d1973- |
|
| 700 | 1 | _aMancall, Peter C. | |
| 710 | 2 | _aebrary, Inc. | |
| 830 | 0 | _aEarly modern Americas. | |
| 856 | 4 | 0 |
_uhttp://site.ebrary.com/lib/rucke/Doc?id=10642664 _zAn electronic book accessible through the World Wide Web; click to view |
| 999 |
_c43887 _d43887 |
||